000 00632nam a2200217 a 4500
001 000019010
005 20200929165912.0
008 100521s1995 sp 000 f spa d
020 _a8420646636
040 _aDO-SdBNP
_bspa
_cBNPHU
082 _a823.3
_bD154e
245 0 3 _aLa dama de escalot /
_cAnónimo ; traducción de Carlos Alvar.
260 _aMadrid :
_bAlianza,
_c1995.
300 _a62, [2] p. ;
_c15 cm.
490 1 _aAlianza cien
_v63
650 4 _aNovela inglesa
_91071
650 4 _aLiteratura inglesa
_9498
700 1 _aAlvar, Carlos,
_etr.
_914659
830 0 _aAlianza cien ;
_v63.
_912832
910 _aEn proceso
999 _c18528
_d18528